000 00383nam a2200157 4500
001 18597
005 20201125173855.0
007 tu
008 170221|||||||||||| ger
100 1 _aKnabe, Lotte
245 0 0 _aChronik der Stadt Frankfurt an der Oder
_b1400 - 1571
_cLotte Knabe
365 _c
546 _adeutsch
650 0 4 _aGeschichte
650 0 4 _aFrankfurt (Oder)
999 _c78871
_d78871